[Event "AUTO-OPEN-2062"]
[Site "http://www.queenalice.com/game.php?id=812717"]
[Date "2010.8.3"]
[Round "1"]
[White "Fischercat"]
[Black "groo"]
[Result "0-1"]
[WhiteElo "1856"]
[BlackElo "1588"]

1. e4 e5 2. Nf3 Nc6 3. Bc4 Nf6 4. d3 d5 5. exd5 Nxd5 6. Ng5 Bc5 7. Qf3 Be6 8.
Nc3 Nd4 9. Qg3 Nxc2+ 10. Kd2 Nxa1 11. Qxe5 O-O 12. Nxd5 Bxf2 13. Rf1 c6 14. Rxf2
cxd5 15. Bb5 Qa5+ 16. b4 Qxb4+ 17. Kd1 Qxb5 18. Kd2 Qb4+ 0-1

[Event "AUTO-OPEN-2062"]
[Site "http://www.queenalice.com/game.php?id=812718"]
[Date "2010.8.3"]
[Round "1"]
[White "groo"]
[Black "Fischercat"]
[Result "0-1"]
[WhiteElo "1698"]
[BlackElo "1807"]

1. f4 d5 2. Nf3 Bf5 3. d4 e6 4. Nc3 Bb4 5. Bd2 Nf6 6. e3 O-O 7. Bd3 Nc6 8. Bxf5
exf5 9. Ne5 Bxc3 10. Bxc3 Nxe5 11. fxe5 Ne4 12. Bb4 Qh4+ 13. g3 Nxg3 14. Bxf8
Nxh1+ 15. Kd2 Nf2 16. Qe1 Ne4+ 17. Kd1 Qxe1+ 18. Kxe1 Kxf8 19. Rc1 Ng5 20. Ke2
Ne6 21. c4 dxc4 22. Rxc4 c6 23. b4 Nc7 24. a4 a6 25. Rc3 Nd5 26. Rc5 Nxb4 27. a5
Re8 28. Rc3 Nd5 29. Rb3 Re7 30. h4 h6 31. h5 g6 32. hxg6 fxg6 33. Kd3 h5 34. Rb1
g5 35. Rf1 f4 36. exf4 Nxf4+ 37. Ke4 Rf7 38. Rb1 h4 39. Kf3 h3 40. Kg3 Rh7 41.
Rh1 Ne2+ 42. Kg4 Nxd4 43. Kxg5 h2 44. Kg4 c5 45. Kg3 c4 46. Kg2 c3 47. Rxh2
Rxh2+ 48. Kxh2 c2 0-1

[Event "AUTO-OPEN-2062"]
[Site "http://www.queenalice.com/game.php?id=812743"]
[Date "2010.8.3"]
[Round "1"]
[White "groo"]
[Black "esdiniz"]
[Result "0-1"]
[WhiteElo "1696"]
[BlackElo "1847"]

1. f4 Nf6 2. Nf3 c5 3. Nc3 Nc6 4. e4 e6 5. Bc4 Be7 6. d3 O-O 7. e5 Ne8 8. Be3 d5
9. exd6 Bxd6 10. Ne4 a6 11. Bxc5 Bxc5 12. Nxc5 Qa5+ 13. Qd2 Qxc5 14. Bb3 Nf6 15.
O-O-O b5 16. d4 Qb6 17. c3 Bb7 18. Rhe1 Na5 19. Qc2 Nxb3+ 20. Qxb3 Bd5 21. Qc2
a5 22. Ne5 Rac8 23. Re3 Rc7 24. Rg1 b4 25. Rh3 Be4 26. Qb3 Nd5 27. Nc4 Rxc4 28.
Qxc4 bxc3 29. Qb3 Qxd4 30. Rd1 cxb2+ 31. Qxb2 Rc8+ 32. Rc3 Rxc3+ 0-1

[Event "AUTO-OPEN-2062"]
[Site "http://www.queenalice.com/game.php?id=812744"]
[Date "2010.8.3"]
[Round "1"]
[White "esdiniz"]
[Black "groo"]
[Result "1-0"]
[WhiteElo "1831"]
[BlackElo "1743"]

1. b4 d5 2. c4 c6 3. Nf3 Bf5 4. e3 e6 5. b5 Bc5 6. d4 Bb4+ 7. Bd2 Be7 8. c5 Nf6
9. Nc3 O-O 10. Be2 cxb5 11. Nxb5 Ne4 12. O-O Nxd2 13. Qxd2 a6 14. Nc3 Nc6 15.
Bd3 Bxd3 16. Qxd3 b6 17. cxb6 Qxb6 18. Rab1 Qa5 19. Rb3 Nb4 20. Qd2 Rac8 21. Rd1
Rc7 22. a3 Rfc8 23. Qe2 Rxc3 24. Rxc3 Rxc3 25. axb4 Qxb4 26. Qxa6 Qb2 27. Qa8+
Bf8 28. Qa1 Ba3 29. Qxb2 Bxb2 30. Ne5 Rc1 31. Rxc1 Bxc1 32. Nd7 Bd2 33. Kf1 f5
34. Ke2 Bb4 35. Ne5 g6 36. h4 h5 37. Nxg6 Bd6 38. Kf3 Kg7 39. Nf4 Bxf4 40. Kxf4
Kf6 41. f3 Kg6 42. g4 1-0

[Event "AUTO-OPEN-2062"]
[Site "http://www.queenalice.com/game.php?id=812745"]
[Date "2010.8.3"]
[Round "1"]
[White "groo"]
[Black "ErasmudoPorto"]
[Result "1-0"]
[WhiteElo "1721"]
[BlackElo "1992"]

1. f4 g6 2. Nf3 d5 3. Nc3 c5 4. e3 Bg7 5. d4 c4 6. Bd2 Nf6 7. h3 O-O 8. g4 a6 9.
g5 Nh5 10. Ne2 Bf5 11. Nh4 Qd7 12. Nxf5 Qxf5 13. Bg2 Nc6 14. b3 b5 15. O-O Nb4
16. Bxb4 a5 17. Bxe7 Rfe8 18. Bd6 Rxe3 19. Be5 Ng3 20. Nxg3 Rxg3 21. Kh2 Rc3 22.
Rf2 Re8 23. Re2 Bxe5 24. dxe5 Qxf4+ 25. Kg1 Qxg5 26. Qxd5 Rd8 27. Qb7 Rxh3 28.
Rf1 Rf8 29. e6 fxe6 30. Rxf8+ Kxf8 31. Rf2+ 1-0

[Event "AUTO-OPEN-2062"]
[Site "http://www.queenalice.com/game.php?id=812746"]
[Date "2010.8.3"]
[Round "1"]
[White "ErasmudoPorto"]
[Black "groo"]
[Result "0-1"]
[WhiteElo "1923"]
[BlackElo "1672"]

1. d4 d5 2. e3 Bf5 3. c4 Nf6 4. Nc3 e6 5. Nf3 Nc6 6. Bd3 Bxd3 7. Qxd3 Nb4 8. Qe2
dxc4 9. Ne5 c5 10. Nxc4 cxd4 11. exd4 Qxd4 12. Ne5 Qxe5 13. Qxe5 Nd3+ 14. Ke2
Nxe5 15. Re1 Rd8 16. Kf1 Nd3 17. Rd1 Nxc1 18. Raxc1 Rxd1+ 19. Rxd1 Bb4 20. Nb5
Ke7 21. Rd4 Bc5 22. Rc4 Bb6 23. Nc3 Rd8 0-1

[Event "AUTO-INT-1773"]
[Site "http://www.queenalice.com/game.php?id=859371"]
[Date "2010.11.15"]
[Round "2"]
[White "xmballd"]
[Black "groo"]
[Result "1-0"]
[WhiteElo "1909"]
[BlackElo "1693"]

1. d4 Nf6 2. c4 g6 3. Nc3 Bg7 4. e4 d6 5. Nf3 O-O 6. Be2 a6 7. O-O c6 8. Be3 Ng4
9. Bd2 e5 10. h3 exd4 11. Nxd4 Bxd4 12. Bxg4 1-0

[Event "AUTO-INT-1773"]
[Site "http://www.queenalice.com/game.php?id=859372"]
[Date "2010.11.15"]
[Round "2"]
[White "groo"]
[Black "xmballd"]
[Result "0-1"]
[WhiteElo "1717"]
[BlackElo "1886"]

1. d4 Nf6 2. Nf3 d5 3. e3 Bg4 4. c4 e6 5. Nc3 Be7 6. Qb3 Bxf3 7. Qxb7 Bxg2 8.
Bxg2 Nbd7 9. cxd5 Nxd5 10. Nxd5 exd5 11. Qxd5 O-O 12. Bd2 Rb8 13. b3 c5 14. dxc5
Nxc5 0-1

[Event "Let's Play Chess!"]
[Site "http://www.queenalice.com/game.php?id=906372"]
[Date "2011.2.28"]
[Round "-"]
[White "igorjava"]
[Black "groo"]
[Result "1-0"]
[WhiteElo "1904"]
[BlackElo "1624"]

1. e4 e5 2. f4 exf4 3. Nf3 g5 4. h4 g4 5. Ng5 h6 6. Nxf7 Kxf7 7. Bc4+ d5 8.
Bxd5+ Ke8 9. d4 Nf6 10. Bb3 Nc6 11. d5 Nxe4 12. Qe2 Rh7 13. dxc6 Re7 14. O-O Ng3
15. Qb5 Qd4+ 16. Kh2 Nxf1+ 17. Qxf1 g3+ 18. Kh1 bxc6 19. Nc3 Bf5 20. Bxf4 Qf2
21. Qc4 1-0